Forever fuel (Record no. 7476)

000 -LEADER
fixed length control field 00551nam a2200205 i 4500
001 - CONTROL NUMBER
control field 7476
003 - CONTROL NUMBER IDENTIFIER
control field BD-DhUET
008 - FIXED-LENGTH DATA ELEMENTS--GENERAL INFORMATION
fixed length control field 800808s1981 coua b 001 0 eng
020 ## - INTERNATIONAL STANDARD BOOK NUMBER
International Standard Book Number 0891585818
040 ## - CATALOGING SOURCE
Original cataloging agency DLC
Transcribing agency DLC
Modifying agency BD-DhUET
082 00 - DEWEY DECIMAL CLASSIFICATION NUMBER
Classification number 665.81
Item number HOF/1981
100 ## - MAIN ENTRY--PERSONAL NAME
Personal name Hoffmann, Peter
245 14 - TITLE STATEMENT
Title Forever fuel
Remainder of title the story of hydrogen
Statement of responsibility, etc. by Peter Hoffmann
250 ## - EDITION STATEMENT
Edition statement Ist ed.
260 ## - PUBLICATION, DISTRIBUTION, ETC. (IMPRINT)
Place of publication, distribution, etc. Colorado
Name of publisher, distributor, etc. Westview Press
Date of publication, distribution, etc. 1981
300 ## - PHYSICAL DESCRIPTION
Extent xiv, 271 p.
Other physical details ill.
Dimensions 24 cm.
504 ## - BIBLIOGRAPHY, ETC. NOTE
Bibliography, etc Includes bibliographies
650 #0 - SUBJECT ADDED ENTRY--TOPICAL TERM
Topical term or geographic name as entry element Hydrogen as fuel
942 ## - ADDED ENTRY ELEMENTS (KOHA)
Koha item type General Book
Holdings
Not for loan Sublocation or collection (holding branch) Location (home branch) Koha date last borrowed Shelving location Koha issues (times borrowed) Copy number Lost status Koha date last seen Withdrawn status Koha item type Source of classification or shelving scheme Piece designation (barcode) Price effective from Damaged status Koha full call number Date acquired Koha normalized classification for sorting
 Central Library, BUETCentral Library, BUET Circulation section 1 2014-12-09 General Book 700702014-12-09 665.81/HOF/19812014-12-09665_000000000000000_81HOF1981
 Central Library, BUETCentral Library, BUET Circulation section 2 2014-12-09 General Book 719652014-12-09 665.81/HOF/19812014-12-09665_000000000000000_81HOF1981
 Central Library, BUETCentral Library, BUET2021-09-04Circulation section243 2021-09-04 General Book 700552014-12-09 665.81/HOF/19812014-12-09665_000000000000000_81HOF1981
 Central Library, BUETCentral Library, BUET2017-05-09Circulation section14 2017-05-09 General Book 700562014-12-09 665.81/HOF/19812014-12-09665_000000000000000_81HOF1981